Macroeconomía / (Registro nro. 5851)
[ vista simple ]
| 000 -LEADER | |
|---|---|
| fixed length control field | 01520nam a2200337Ia 4500 |
| 003 - CONTROL NUMBER IDENTIFIER | |
| control field | OSt |
| 005 - DATE AND TIME OF LATEST TRANSACTION | |
| control field | 20211109115957.0 |
| 008 - FIXED-LENGTH DATA ELEMENTS--GENERAL INFORMATION | |
| fixed length control field | 191128t2008 mx ad fr 000 0dspa d |
| 020 ## - INTERNATIONAL STANDARD BOOK NUMBER | |
| International Standard Book Number | 9789701069509 |
| 040 ## - CATALOGING SOURCE | |
| Original cataloging agency | CO-JMCR |
| Transcribing agency | CO-JMCR |
| 041 1# - LANGUAGE CODE | |
| Language code of text/sound track or separate title | spa |
| Language code of original | eng |
| 082 04 - DEWEY DECIMAL CLASSIFICATION NUMBER | |
| Classification number | 339 / |
| Item number | D713m3 |
| Edition number | 23 |
| 100 1# - MAIN ENTRY--PERSONAL NAME | |
| Personal name | Dornbusch, Rudiger, |
| Relator term | autor |
| 9 (RLIN) | 6785 |
| 245 13 - TITLE STATEMENT | |
| Title | Macroeconomía / |
| Statement of responsibility, etc. | Rudiger Dornbusch, Stanley Fischer y Richard Startz ; revisión técnica, Adriana del Carmen Riveroll Arellano, Ilana Méndez Castrejón |
| 250 ## - EDITION STATEMENT | |
| Edition statement | Décima edición |
| 260 ## - PUBLICATION, DISTRIBUTION, ETC. | |
| Place of publication, distribution, etc. | Barcelona : |
| Name of publisher, distributor, etc. | McGraw Hill, |
| Date of publication, distribution, etc. | 2008 |
| 300 ## - PHYSICAL DESCRIPTION | |
| Extent | xxvi, 627 páginas : |
| Other physical details | ilustraciones y gráficos a blanco y negro ; |
| Dimensions | 23 cm. |
| 490 0# - SERIES STATEMENT | |
| Series statement | Educación |
| 500 ## - GENERAL NOTE | |
| General note | Incluye notas a pie de página, glosario y datos biográficos de los autores.<br/>Título original: Macroeconomics |
| 505 0# - FORMATTED CONTENTS NOTE | |
| Formatted contents note | Introducción a la contabilidad del ingreso nacional -- Crecimiento, oferta y demanda agregadas, y políticas -- Los primeros modelos -- Fundamentos de la conducta -- Grandes acontecimientos, ajustes internacionales y temas avanzados |
| 534 ## - ORIGINAL VERSION NOTE | |
| Introductory phrase | Macroeconomics |
| 546 ## - LANGUAGE NOTE | |
| Language note | Traducido del inglés |
| 650 14 - SUBJECT ADDED ENTRY--TOPICAL TERM | |
| Topical term or geographic name entry element | Macroeconomía |
| 9 (RLIN) | 7835 |
| 650 14 - SUBJECT ADDED ENTRY--TOPICAL TERM | |
| Topical term or geographic name entry element | Modelos económicos |
| 9 (RLIN) | 7836 |
| 650 14 - SUBJECT ADDED ENTRY--TOPICAL TERM | |
| Topical term or geographic name entry element | Economías abiertas |
| 9 (RLIN) | 7837 |
| 700 1# - ADDED ENTRY--PERSONAL NAME | |
| Personal name | Fischer, Stanley, |
| Relator term | autor |
| 9 (RLIN) | 7832 |
| 700 1# - ADDED ENTRY--PERSONAL NAME | |
| Personal name | Startz, Richard, |
| Relator term | autor |
| 9 (RLIN) | 7833 |
| 700 1# - ADDED ENTRY--PERSONAL NAME | |
| Personal name | Riveroll Arellano, Adriana del Carmen, |
| Dates associated with a name | revisora |
| 9 (RLIN) | 41449 |
| 700 1# - ADDED ENTRY--PERSONAL NAME | |
| Personal name | Méndez Castrejón, Ilana, |
| Relator term | revisora |
| 9 (RLIN) | 41450 |
| 942 ## - ADDED ENTRY ELEMENTS (KOHA) | |
| Source of classification or shelving scheme | Dewey Decimal Classification |
| Koha item type | Books |
| Withdrawn status | Lost status | Source of classification or shelving scheme | Damaged status | Not for loan | Collection code | Home library | Current library | Date acquired | Source of acquisition | Full call number | Barcode | Date last seen | Copy number | Koha item type | Total Checkouts | Price effective from |
|---|---|---|---|---|---|---|---|---|---|---|---|---|---|---|---|---|
| Dewey Decimal Classification | Non-fiction | Biblioteca Pública José María del Castillo y Rada | Biblioteca Pública José María del Castillo y Rada | 04/15/2018 | Donación | 339 / D713m3 | 430005835 | 05/16/2024 | Ej.2 | Books | ||||||
| Dewey Decimal Classification | Non-fiction | Biblioteca Pública José María del Castillo y Rada | Biblioteca Pública José María del Castillo y Rada | 04/15/2018 | Donación | 339 / D713m3 | 430005834 | 05/16/2024 | Ej.1 | Books | 11/09/2021 |